[Event "Mitropa Cup 32nd"]
[Site "Meissen"]
[Date "2013.06.01"]
[Round "1.2"]
[White "Varga, Zoltan"]
[Black "Wagner, Dennis"]
[Result "1/2-1/2"]
[WhiteElo "2447"]
[BlackElo "2461"]
[PlyCount "201"]
[EventDate "2013.06.01"]
[EventType "team-tourn"]
[EventRounds "9"]
[EventCountry "GER"]
[Source "ChessBase"]
[SourceDate "2013.06.25"]
[WhiteTeam "Hungary"]
[BlackTeam "Germany"]
[WhiteTeamCountry "HUN"]
[BlackTeamCountry "GER"]

1. e4 e5 2. Nf3 Nc6 3. Bb5 a6 4. Ba4 Nf6 5. d3 d6 6. c4 g6 7. h3 Bg7 8. Be3 O-O
9. Nc3 Nh5 10. g4 Nf4 11. Bxf4 exf4 12. Bxc6 bxc6 13. Qd2 Rb8 14. d4 f5 15.
exf5 gxf5 16. g5 Qe8+ 17. Kf1 c5 18. d5 Qh5 19. Kg2 h6 20. gxh6 Bxh6 21. b3 Kh8
22. Qd3 Rg8+ 23. Kh2 Bd7 24. Rhg1 Rg4 25. Rg2 Rbg8 26. Rag1 R8g6 27. Ne2 c6 28.
a4 cxd5 29. Qxd5 Be6 30. Qxd6 Bf7 31. Qe5+ Bg7 32. Rxg4 Bxe5 33. Rh4 Qxh4 34.
Nxh4 f3+ 35. Ng3 Rb6 36. Nxf3 Bf4 37. Re1 Rxb3 38. Ne5 Be8 39. Nd3 Bxg3+ 40.
fxg3 Bxa4 41. Nxc5 Rb2+ 42. Kg1 Bc6 43. Re6 Bf3 44. Nd3 Ra2 45. Re3 Be4 46. Nc5
Bg2 47. Nxa6 Bxh3 48. Nb4 Rg2+ 49. Kh1 Rb2 50. Nd3 Rc2 51. Nf4 Bf1 52. Kg1 Bxc4
53. Re5 Rc3 54. Kh2 Bd3 55. Kh3 Bc2 56. Re7 Kg8 57. Kh4 Kf8 58. Ng6+ Kg8 59.
Ra7 Rc4+ 60. Nf4 Rc3 61. Nd5 Rc4+ 62. Kh5 Kf8 63. Kg5 Rc5 64. Nf4 Kg8 65. Rd7
Rc6 66. Nd5 Kf8 67. Ne3 Rc3 68. Kf4 Rc5 69. Nd5 Rc4+ 70. Ke5 Rc6 71. Nc7 Kg8
72. Nd5 Kf8 73. Nc7 Kg8 74. Ne8 Rc3 75. Nf6+ Kf8 76. Nh7+ Kg8 77. Ng5 Rxg3 78.
Kf6 Rxg5 79. Kxg5 f4 80. Rd2 Be4 81. Kxf4 Bh7 82. Kg5 Kh8 83. Rd8+ Bg8 84. Rd7
Be6 85. Re7 Bd5 86. Kg6 Bg8 87. Rc7 Bb3 88. Rc3 Bd5 89. Rh3+ Kg8 90. Kf6 Be4
91. Rh5 Bd3 92. Rd5 Bc2 93. Rd7 Be4 94. Rg7+ Kh8 95. Kf7 Bd5+ 96. Kf8 Be4 97.
Re7 Bd3 98. Kf7 Bc4+ 99. Kg6 Bd3+ 100. Kh6 Bc4 101. Kg5 1/2-1/2

[Event "Mitropa Cup 32nd"]
[Site "Meissen"]
[Date "2013.06.02"]
[Round "2.1"]
[White "Bailet, Pierre"]
[Black "Saric, Ante"]
[Result "1/2-1/2"]
[WhiteElo "2461"]
[BlackElo "2551"]
[PlyCount "64"]
[EventDate "2013.06.01"]
[EventType "team-tourn"]
[EventRounds "9"]
[EventCountry "GER"]
[Source "ChessBase"]
[SourceDate "2013.06.25"]
[WhiteTeam "France"]
[BlackTeam "Croatia"]
[WhiteTeamCountry "FRA"]
[BlackTeamCountry "CRO"]

1. d4 Nf6 2. c4 e6 3. Nf3 d5 4. Nc3 c5 5. cxd5 Nxd5 6. e4 Nxc3 7. bxc3 cxd4 8.
cxd4 Bb4+ 9. Bd2 Bxd2+ 10. Qxd2 O-O 11. Be2 b6 12. O-O Bb7 13. Qe3 Nd7 14. a4
Rc8 15. Rab1 Rc7 16. Rfc1 Rxc1+ 17. Rxc1 Qa8 18. e5 Rc8 19. h4 Bd5 20. Rxc8+
Qxc8 21. Ng5 h6 22. Ne4 Qc2 23. Nd6 Qxa4 24. Bh5 f5 25. Bf7+ Kh7 26. Kh2 Qd1
27. h5 Qg4 28. f3 Qh4+ 29. Kg1 Qe7 30. Bg6+ Kg8 31. Bf7+ Kh7 32. Bg6+ Kg8
1/2-1/2

[Event "Mitropa Cup 32nd"]
[Site "Meissen"]
[Date "2013.06.02"]
[Round "2.1"]
[White "Housieaux, David"]
[Black "Kuljasevic, Davorin"]
[Result "0-1"]
[WhiteElo "2466"]
[BlackElo "2574"]
[PlyCount "106"]
[EventDate "2013.06.01"]
[EventType "team-tourn"]
[EventRounds "9"]
[EventCountry "GER"]
[Source "ChessBase"]
[SourceDate "2013.06.25"]
[WhiteTeam "France"]
[BlackTeam "Croatia"]
[WhiteTeamCountry "FRA"]
[BlackTeamCountry "CRO"]

1. c4 Nf6 2. g3 c6 3. Nf3 d5 4. Bg2 dxc4 5. O-O Nbd7 6. Na3 Nb6 7. Qc2 Be6 8.
Ng5 Bg4 9. Nxc4 Bxe2 10. Ne5 Bh5 11. Re1 h6 12. Ne4 e6 13. Nxf6+ gxf6 14. Nxc6
bxc6 15. Qf5 Bg6 16. Bxc6+ Ke7 17. Qf3 Rc8 18. d4 Rxc6 19. Qxc6 Qd5 20. Qc7+
Qd7 21. Qf4 Nd5 22. Qf3 Ke8 23. Bd2 Be7 24. h4 h5 25. Rac1 Kf8 26. Rc4 Kg7 27.
Rec1 Rb8 28. b3 Ba3 29. Rd1 Rb5 30. Bc1 Bd6 31. Bb2 Kh7 32. Rcc1 a5 33. Rc4 Qb7
34. Kh2 Bf8 35. Bc1 Nb4 36. d5 Nxd5 37. Bb2 Bg7 38. Qe2 Nb4 39. Bc3 Nd5 40. Ba1
Nb4 41. Bc3 Rf5 42. Kg1 Nc6 43. f4 Rb5 44. Kh2 Ne7 45. Rcd4 Nf5 46. Rc4 Nh6 47.
Rd8 Ng4+ 48. Kg1 Qb6+ 49. Rcd4 e5 50. fxe5 fxe5 51. Bd2 exd4 52. Qe8 d3+ 53.
Kh1 Nf6 0-1

[Event "Mitropa Cup 32nd"]
[Site "Meissen"]
[Date "2013.06.02"]
[Round "2.1"]
[White "Jankovic, Alojzije"]
[Black "Guidarelli, Laurent"]
[Result "1-0"]
[WhiteElo "2559"]
[BlackElo "2472"]
[PlyCount "83"]
[EventDate "2013.06.01"]
[EventType "team-tourn"]
[EventRounds "9"]
[EventCountry "GER"]
[Source "ChessBase"]
[SourceDate "2013.06.25"]
[WhiteTeam "Croatia"]
[BlackTeam "France"]
[WhiteTeamCountry "CRO"]
[BlackTeamCountry "FRA"]

1. d4 e6 2. c4 f5 3. g3 Nf6 4. Bg2 c6 5. Nf3 d5 6. O-O Bd6 7. Nc3 O-O 8. Qc2
Ne4 9. Rb1 Nd7 10. b4 Nxc3 11. Qxc3 b5 12. cxb5 cxb5 13. Qc6 Nb6 14. Qxb5 a5
15. Bg5 Qc7 16. Ne5 Ba6 17. Qc6 Qxc6 18. Nxc6 axb4 19. Nxb4 Bc4 20. Rfc1 Ra4
21. Nd3 Rb8 22. Nc5 Rxa2 23. Nxe6 Rxe2 24. Be3 Ra2 25. Bf4 Bxf4 26. Nxf4 Ra5
27. h4 Kf7 28. Re1 Nd7 29. Bf3 g6 30. Kg2 Rbb5 31. Ne6 Rxb1 32. Nd8+ Kf6 33.
Rxb1 Ra8 34. Nc6 Ra6 35. Rb7 Nc5 36. dxc5 Rxc6 37. Rb6 Re6 38. c6 Re8 39. c7+
Ke7 40. Rb8 Ba6 41. Bxd5 Rc8 42. Bc4 1-0

[Event "Mitropa Cup 32nd"]
[Site "Meissen"]
[Date "2013.06.02"]
[Round "2.1"]
[White "Martinovic, Sasa"]
[Black "Cotonnec, Melkior"]
[Result "1/2-1/2"]
[WhiteElo "2527"]
[BlackElo "2432"]
[PlyCount "91"]
[EventDate "2013.06.01"]
[EventType "team-tourn"]
[EventRounds "9"]
[EventCountry "GER"]
[Source "ChessBase"]
[SourceDate "2013.06.25"]
[WhiteTeam "Croatia"]
[BlackTeam "France"]
[WhiteTeamCountry "CRO"]
[BlackTeamCountry "FRA"]

1. d4 d5 2. c4 c6 3. cxd5 cxd5 4. Bf4 Nc6 5. e3 Nf6 6. Nc3 a6 7. Bd3 e6 8. Rc1
Bd7 9. Nf3 Be7 10. Ne5 O-O 11. O-O Rc8 12. Qf3 Nxe5 13. dxe5 Ne8 14. e4 d4 15.
Ne2 Rxc1 16. Rxc1 Qb6 17. h3 Qxb2 18. Rb1 Qxa2 19. Rxb7 Qa4 20. Kh2 Bc5 21. Ng3
Bc6 22. Rb8 Nc7 23. Rb1 Ra8 24. Nh5 Ne8 25. Rc1 Bf8 26. Rc4 Qb5 27. Rxd4 Qb2
28. Rc4 Bb5 29. Rc2 Qb3 30. Bxb5 Qxf3 31. gxf3 axb5 32. Bd2 Rb8 33. Rb2 Nc7 34.
Nf4 Na6 35. Nd3 f6 36. exf6 gxf6 37. f4 Kf7 38. Kg3 Rd8 39. Rb3 Bh6 40. Kf3 b4
41. Nxb4 Rb8 42. Rb2 Nxb4 43. Rxb4 Rxb4 44. Bxb4 f5 45. Bd6 Kg6 46. Ke3 1/2-1/2

[Event "Mitropa Cup 32nd"]
[Site "Meissen"]
[Date "2013.06.02"]
[Round "2.4"]
[White "Horvath, Jozsef"]
[Black "Zilka, Stepan"]
[Result "0-1"]
[WhiteElo "2518"]
[BlackElo "2532"]
[PlyCount "119"]
[EventDate "2013.06.01"]
[EventType "team-tourn"]
[EventRounds "9"]
[EventCountry "GER"]
[Source "ChessBase"]
[SourceDate "2013.06.25"]
[WhiteTeam "Hungary"]
[BlackTeam "Czechia"]
[WhiteTeamCountry "HUN"]
[BlackTeamCountry "CZE"]

1. d4 Nf6 2. Nf3 d5 3. c4 e6 4. e3 Be7 5. b3 O-O 6. Bb2 c5 7. Nbd2 Nc6 8. Bd3
b6 9. dxc5 bxc5 10. cxd5 Nb4 11. Be2 Qxd5 12. Ne5 Ba6 13. O-O Rad8 14. Ndc4 Qa8
15. Qc1 Ne4 16. f3 Nd6 17. e4 f6 18. a3 Nc6 19. Nxc6 Qxc6 20. Rf2 Nb5 21. Ne3
Qb6 22. Bc4 Kh8 23. Qf1 Nc7 24. Rb1 Rd7 25. Bxa6 Qxa6 26. Qxa6 Nxa6 27. Nc4
Rfd8 28. Bc3 Nb8 29. Rd2 Rxd2 30. Bxd2 Nc6 31. Kf1 Kg8 32. Be3 Kf7 33. Ke2 e5
34. Rc1 Ke6 35. Nd2 Nd4+ 36. Bxd4 cxd4 37. Rc6+ Rd6 38. Rxd6+ Kxd6 39. Kd3 Kc6
40. Nc4 Bd8 41. f4 exf4 42. Kxd4 Bc7 43. h3 g5 44. Nd2 h5 45. Kd3 a5 46. Nf3
Bd6 47. Nd4+ Kd7 48. a4 Bf8 49. Nf5 Ke6 50. Nd4+ Kd6 51. Ke2 g4 52. hxg4 hxg4
53. Kd3 Kd7 54. Nf5 Kc6 55. Nd4+ Kb6 56. Kc4 f3 57. gxf3 g3 58. f4 g2 59. Nf3
Bc5 60. e5 0-1

[Event "Mitropa Cup 32nd"]
[Site "Meissen"]
[Date "2013.06.02"]
[Round "2.4"]
[White "Kislinsky, Alexey"]
[Black "Horvath, Adam"]
[Result "0-1"]
[WhiteElo "2565"]
[BlackElo "2532"]
[PlyCount "86"]
[EventDate "2013.06.01"]
[EventType "team-tourn"]
[EventRounds "9"]
[EventCountry "GER"]
[Source "ChessBase"]
[SourceDate "2013.06.25"]
[WhiteTeam "Czechia"]
[BlackTeam "Hungary"]
[WhiteTeamCountry "CZE"]
[BlackTeamCountry "HUN"]

1. e4 c5 2. Nf3 e6 3. g3 d5 4. exd5 exd5 5. Bg2 Nf6 6. O-O Be7 7. d4 O-O 8.
dxc5 Bxc5 9. Bg5 Nc6 10. Nc3 d4 11. Bxf6 Qxf6 12. Ne4 Qe7 13. Nxc5 Qxc5 14. Nd2
Bf5 15. Nb3 Qxc2 16. Nxd4 Nxd4 17. Qxd4 Rfd8 18. Qb4 Rab8 19. Rfc1 Qd2 20. Qxd2
Rxd2 21. b4 h6 22. Rc7 Rc8 23. Rxc8+ Bxc8 24. a4 b6 25. h4 Be6 26. a5 Rb2 27.
axb6 axb6 28. Be4 Kf8 29. Rb1 Rxb1+ 30. Bxb1 Ke7 31. f4 Kd6 32. Kf2 Kd5 33. Ke3
Kc4 34. f5 Bd7 35. Ba2+ Kxb4 36. Bxf7 Bxf5 37. Kd4 b5 38. Be8 Bg4 39. h5 Ka5
40. Ke5 b4 41. Kf4 Bd1 42. g4 b3 43. Bf7 b2 0-1

[Event "Mitropa Cup 32nd"]
[Site "Meissen"]
[Date "2013.06.02"]
[Round "2.4"]
[White "Rasik, Vitezslav"]
[Black "Czebe, Attila"]
[Result "1-0"]
[WhiteElo "2483"]
[BlackElo "2488"]
[PlyCount "57"]
[EventDate "2013.06.01"]
[EventType "team-tourn"]
[EventRounds "9"]
[EventCountry "GER"]
[Source "ChessBase"]
[SourceDate "2013.06.25"]
[WhiteTeam "Czechia"]
[BlackTeam "Hungary"]
[WhiteTeamCountry "CZE"]
[BlackTeamCountry "HUN"]

1. e4 e5 2. Nf3 Nc6 3. Bb5 a6 4. Ba4 Nge7 5. c3 g6 6. d4 exd4 7. cxd4 b5 8. Bb3
Bg7 9. d5 Na5 10. Bd2 c5 11. d6 Nec6 12. Bg5 f6 13. Be3 c4 14. Bc2 Bb7 15. Nc3
Ne5 16. Nxe5 fxe5 17. Nd5 Bxd5 18. Qxd5 Nc6 19. a3 Rc8 20. O-O Qf6 21. f4 Bh6
22. Rae1 exf4 23. g3 Qxb2 24. Bxf4 Bxf4 25. Rxf4 Nd8 26. Ref1 Ne6 27. Rf7 Qd4+
28. Kh1 Qe3 29. Qb7 1-0

[Event "Mitropa Cup 32nd"]
[Site "Meissen"]
[Date "2013.06.02"]
[Round "2.4"]
[White "Varga, Zoltan"]
[Black "Krejci, Jan2"]
[Result "1/2-1/2"]
[WhiteElo "2447"]
[BlackElo "2503"]
[PlyCount "70"]
[EventDate "2013.06.01"]
[EventType "team-tourn"]
[EventRounds "9"]
[EventCountry "GER"]
[Source "ChessBase"]
[SourceDate "2013.06.25"]
[WhiteTeam "Hungary"]
[BlackTeam "Czechia"]
[WhiteTeamCountry "HUN"]
[BlackTeamCountry "CZE"]

1. e4 c5 2. Nf3 e6 3. d4 cxd4 4. Nxd4 Nc6 5. Nb5 d6 6. Bf4 e5 7. Be3 a6 8. N5c3
Nf6 9. Bg5 Be7 10. Bxf6 Bxf6 11. Nd2 O-O 12. Nc4 b5 13. Qxd6 Qxd6 14. Nxd6 Be6
15. O-O-O Nd4 16. Bd3 g6 17. Nd5 Bg5+ 18. Kb1 Ra7 19. h4 Be7 20. Nxe7+ Rxe7 21.
c3 Nc6 22. c4 Nb4 23. Be2 Rd7 24. b3 Nc6 25. c5 Nd4 26. Rd2 Ra8 27. Kb2 h5 28.
Rc1 Kf8 29. Bf1 Ke7 30. f4 f6 31. g3 Rc7 32. Bg2 Bg4 33. a3 Ne2 34. Rcc2 Nd4
35. Rc3 Ne2 1/2-1/2

[Event "Mitropa Cup 32nd"]
[Site "Meissen"]
[Date "2013.06.02"]
[Round "2.5"]
[White "Borisek, Jure"]
[Black "Bluebaum, Matthias"]
[Result "1-0"]
[WhiteElo "2552"]
[BlackElo "2521"]
[PlyCount "75"]
[EventDate "2013.06.01"]
[EventType "team-tourn"]
[EventRounds "9"]
[EventCountry "GER"]
[Source "ChessBase"]
[SourceDate "2013.06.25"]
[WhiteTeam "Slovenia"]
[BlackTeam "Germany"]
[WhiteTeamCountry "SLO"]
[BlackTeamCountry "GER"]

1. e4 e6 2. d4 d5 3. Nd2 c5 4. Ngf3 cxd4 5. exd5 Qxd5 6. Bc4 Qd7 7. O-O Nc6 8.
Nb3 Nf6 9. Qe2 a6 10. a4 Bd6 11. Rd1 O-O 12. Nbxd4 e5 13. Nxc6 Qxc6 14. Bg5 Bc7
15. Bxf6 Qxf6 16. Bd5 Rb8 17. Qc4 Qe7 18. Re1 Bf5 19. Nh4 Bg6 20. Nxg6 hxg6 21.
Qe4 Rfd8 22. Ra3 Qc5 23. Rd1 Rd7 24. b4 Qe7 25. Rg3 Rd6 26. c4 Rbd8 27. c5 Rf6
28. Rh3 Rf5 29. a5 Qf6 30. Rf3 Rd7 31. Rdd3 Rxf3 32. Rxf3 Qg5 33. g3 Qd8 34.
Bc4 Qg5 35. Kg2 Bd8 36. h4 Qc1 37. Rxf7 Rxf7 38. Qd5 1-0

[Event "Mitropa Cup 32nd"]
[Site "Meissen"]
[Date "2013.06.02"]
[Round "2.5"]
[White "Fridman, Daniel"]
[Black "Skoberne, Jure"]
[Result "1/2-1/2"]
[WhiteElo "2629"]
[BlackElo "2558"]
[PlyCount "67"]
[EventDate "2013.06.01"]
[EventType "team-tourn"]
[EventRounds "9"]
[EventCountry "GER"]
[Source "ChessBase"]
[SourceDate "2013.06.25"]
[WhiteTeam "Germany"]
[BlackTeam "Slovenia"]
[WhiteTeamCountry "GER"]
[BlackTeamCountry "SLO"]

1. d4 g6 2. c4 Bg7 3. Nf3 d6 4. e4 Nf6 5. Nc3 O-O 6. Be2 e5 7. O-O Nbd7 8. Re1
Re8 9. d5 Nc5 10. Nd2 a5 11. Qc2 Bh6 12. b3 Bd7 13. Nf1 Bxc1 14. Raxc1 h5 15.
Nd2 c6 16. a3 Qb8 17. Qb2 cxd5 18. exd5 Qd8 19. b4 axb4 20. axb4 Na4 21. Nxa4
Rxa4 22. Bd1 Ra8 23. Bf3 Bg4 24. h3 Bxf3 25. Nxf3 b6 26. c5 bxc5 27. bxc5 e4
28. Nd2 dxc5 29. Rxc5 Ra5 30. Qd4 Rxc5 31. Qxc5 Qxd5 32. Qxd5 Nxd5 33. Rxe4
Rxe4 34. Nxe4 1/2-1/2

[Event "Mitropa Cup 32nd"]
[Site "Meissen"]
[Date "2013.06.02"]
[Round "2.5"]
[White "Markoja, Boris"]
[Black "Donchenko, Alexander"]
[Result "0-1"]
[WhiteElo "2148"]
[BlackElo "2465"]
[PlyCount "56"]
[EventDate "2013.06.01"]
[EventType "team-tourn"]
[EventRounds "9"]
[EventCountry "GER"]
[Source "ChessBase"]
[SourceDate "2013.06.25"]
[WhiteTeam "Slovenia"]
[BlackTeam "Germany"]
[WhiteTeamCountry "SLO"]
[BlackTeamCountry "GER"]

1. e4 c5 2. Nf3 d6 3. d4 cxd4 4. Nxd4 Nf6 5. Nc3 a6 6. g3 e5 7. Nb3 Be7 8. Bg2
b5 9. a4 b4 10. Nd5 Nxd5 11. Qxd5 Ra7 12. Be3 Be6 13. Qd3 Rd7 14. O-O O-O 15.
Rfd1 Qc7 16. a5 Rc8 17. Rac1 Qb7 18. f4 Bd8 19. Ra1 f6 20. Ra4 Be7 21. f5 Bf7
22. Bb6 Rc4 23. c3 Bd8 24. Bxd8 Rxd8 25. Nd2 Qb5 26. b3 Qc5+ 27. Kh1 Rxc3 28.
Qb1 Nc6 0-1

[Event "Mitropa Cup 32nd"]
[Site "Meissen"]
[Date "2013.06.02"]
[Round "2.5"]
[White "Wagner, Dennis"]
[Black "Stajner, Samo"]
[Result "1/2-1/2"]
[WhiteElo "2461"]
[BlackElo "2321"]
[PlyCount "127"]
[EventDate "2013.06.01"]
[EventType "team-tourn"]
[EventRounds "9"]
[EventCountry "GER"]
[Source "ChessBase"]
[SourceDate "2013.06.25"]
[WhiteTeam "Germany"]
[BlackTeam "Slovenia"]
[WhiteTeamCountry "GER"]
[BlackTeamCountry "SLO"]

1. Nf3 Nf6 2. c4 g6 3. Nc3 Bg7 4. e4 d6 5. d4 O-O 6. Be2 e5 7. O-O Nc6 8. d5
Ne7 9. Ne1 Nd7 10. Nd3 f5 11. f3 Kh8 12. Be3 c5 13. dxc6 bxc6 14. b4 d5 15.
cxd5 fxe4 16. fxe4 cxd5 17. Bg5 Qb6+ 18. Kh1 Rxf1+ 19. Qxf1 dxe4 20. Bxe7 exd3
21. Bxd3 Qe6 22. Bg5 Bb7 23. Be4 Rb8 24. Qd3 Bxe4 25. Qxe4 h6 26. Be3 Qf5 27.
Qc4 Nb6 28. Qa6 Qc8 29. Qxc8+ Rxc8 30. Rc1 Rc4 31. a3 e4 32. Nb5 Rxc1+ 33. Bxc1
Nc4 34. Kg1 a6 35. Nc7 a5 36. bxa5 Nxa5 37. Ne6 Be5 38. Bxh6 Nc4 39. Bc1 e3 40.
g3 Bc3 41. Kf1 Bd2 42. Bxd2 exd2 43. Ke2 Nxa3 44. Kxd2 Nc4+ 45. Kd3 Ne5+ 46.
Ke4 Ng4 47. h3 Nf6+ 48. Ke5 Nd7+ 49. Kd6 Nf6 50. Ke5 Nd7+ 51. Kf4 Kg8 52. Kg5
Kf7 53. Nf4 Ne5 54. Kh6 Kf6 55. Nd5+ Kf5 56. Ne7+ Kf6 57. Nd5+ Kf5 58. Kg7 Ke4
59. Ne7 Kf3 60. g4 Nxg4 61. h4 Ne5 62. Nxg6 Kg4 63. h5 Kxh5 64. Nxe5 1/2-1/2

[Event "Mitropa Cup 32nd"]
[Site "Meissen"]
[Date "2013.06.02"]
[Round "2.3"]
[White "Hug, Werner"]
[Black "Pacher, Milan"]
[Result "1-0"]
[WhiteElo "2471"]
[BlackElo "2464"]
[PlyCount "45"]
[EventDate "2013.06.01"]
[EventType "team-tourn"]
[EventRounds "9"]
[EventCountry "GER"]
[Source "ChessBase"]
[SourceDate "2013.06.25"]
[WhiteTeam "Switzerland"]
[BlackTeam "Slovakia"]
[WhiteTeamCountry "SUI"]
[BlackTeamCountry "SVK"]

1. d4 Nf6 2. Nf3 e6 3. Bg5 c5 4. e3 Qb6 5. Nbd2 Qxb2 6. Rb1 Qc3 7. Bxf6 gxf6 8.
Bd3 d5 9. O-O c4 10. Bxc4 dxc4 11. Ne4 Qa5 12. Nxf6+ Ke7 13. Ne5 Nc6 14. Qh5
Nxe5 15. dxe5 Bg7 16. Rfd1 Kf8 17. Qh4 Qc7 18. Rd6 b5 19. Rbd1 Bb7 20. Rd7 Qc6
21. Rd8+ Rxd8 22. Rxd8+ Ke7 23. Ng8# 1-0

[Event "Mitropa Cup 32nd"]
[Site "Meissen"]
[Date "2013.06.02"]
[Round "2.3"]
[White "Michalik, Peter"]
[Black "Gallagher, Joseph G"]
[Result "1/2-1/2"]
[WhiteElo "2565"]
[BlackElo "2518"]
[PlyCount "79"]
[EventDate "2013.06.01"]
[EventType "team-tourn"]
[EventRounds "9"]
[EventCountry "GER"]
[Source "ChessBase"]
[SourceDate "2013.06.25"]
[WhiteTeam "Slovakia"]
[BlackTeam "Switzerland"]
[WhiteTeamCountry "SVK"]
[BlackTeamCountry "SUI"]

1. e4 c5 2. Nf3 Nc6 3. Bb5 e5 4. O-O Bd6 5. c3 Nge7 6. d4 cxd4 7. cxd4 exd4 8.
Nxd4 a6 9. Be2 O-O 10. Nc3 Be5 11. Be3 d5 12. exd5 Nxd5 13. Nxd5 Nxd4 14. Bc4
Nf5 15. Bb6 Bxh2+ 16. Kxh2 Qh4+ 17. Kg1 Qxc4 18. Rc1 Qxa2 19. Nc7 Be6 20. Nxa8
Rxa8 21. Qd2 Qb3 22. Ba5 h6 23. Rfe1 b6 24. Bc3 Rc8 25. Re5 Qc4 26. Rce1 Qh4
27. Qe2 Qc4 28. Qf3 Nd6 29. Qg3 Qg4 30. Qxg4 Bxg4 31. Ra1 a5 32. Rd5 Rc6 33.
Be5 Nc4 34. Rd8+ Kh7 35. Bd4 b5 36. Rb8 Rd6 37. Bc5 Rd5 38. Rxb5 Bd7 39. Rbxa5
Nxa5 40. Rxa5 1/2-1/2

[Event "Mitropa Cup 32nd"]
[Site "Meissen"]
[Date "2013.06.02"]
[Round "2.3"]
[White "Petenyi, Tamas"]
[Black "Ekstroem, Roland"]
[Result "1/2-1/2"]
[WhiteElo "2466"]
[BlackElo "2420"]
[PlyCount "62"]
[EventDate "2013.06.01"]
[EventType "team-tourn"]
[EventRounds "9"]
[EventCountry "GER"]
[Source "ChessBase"]
[SourceDate "2013.06.25"]
[WhiteTeam "Slovakia"]
[BlackTeam "Switzerland"]
[WhiteTeamCountry "SVK"]
[BlackTeamCountry "SUI"]

1. e4 e5 2. Nf3 Nc6 3. Bb5 a6 4. Ba4 Nf6 5. O-O Be7 6. Re1 b5 7. Bb3 d6 8. a4
b4 9. d4 Bg4 10. dxe5 Nxe5 11. Nbd2 O-O 12. h3 Nxf3+ 13. Nxf3 Bxf3 14. Qxf3 Nd7
15. Qe2 Qc8 16. Bd2 Bf6 17. Bxb4 Bxb2 18. Rab1 Be5 19. a5 g6 20. Bd5 Rb8 21.
Bd2 Nc5 22. Bc4 Rxb1 23. Rxb1 Qa8 24. Re1 Qc6 25. Be3 Bc3 26. Rd1 Qxe4 27. Bxc5
Qxe2 28. Bxe2 dxc5 29. Rd7 Bxa5 30. Bxa6 f5 31. Bc4+ Kh8 1/2-1/2

[Event "Mitropa Cup 32nd"]
[Site "Meissen"]
[Date "2013.06.02"]
[Round "2.3"]
[White "Studer, Noel"]
[Black "Repka, Christopher"]
[Result "0-1"]
[WhiteElo "2343"]
[BlackElo "2358"]
[PlyCount "74"]
[EventDate "2013.06.01"]
[EventType "team-tourn"]
[EventRounds "9"]
[EventCountry "GER"]
[Source "ChessBase"]
[SourceDate "2013.06.25"]
[WhiteTeam "Switzerland"]
[BlackTeam "Slovakia"]
[WhiteTeamCountry "SUI"]
[BlackTeamCountry "SVK"]

1. e4 e6 2. d4 d5 3. Nd2 Nf6 4. e5 Nfd7 5. Bd3 c5 6. c3 Nc6 7. Ne2 cxd4 8. cxd4
f6 9. exf6 Qxf6 10. Nf3 Bd6 11. Bg5 Qf7 12. O-O O-O 13. Bh4 e5 14. dxe5 Ndxe5
15. Nxe5 Bxe5 16. Bg3 Bxb2 17. Bxh7+ Kxh7 18. Qc2+ Bf5 19. Qxb2 d4 20. Rad1
Rad8 21. Bh4 Rd7 22. Ng3 d3 23. Bg5 Qd5 24. Be3 Kg8 25. Rc1 b6 26. Rfd1 Ne5 27.
Qb4 Bg6 28. h3 Bf7 29. Rc3 Qxa2 30. Bd4 a5 31. Qxb6 Qa4 32. Rcxd3 Nxd3 33. Rxd3
Qb4 34. Qc6 Rxd4 35. Rf3 Qd6 36. Qc3 a4 37. Nf5 Rd1+ 0-1

[Event "Mitropa Cup 32nd"]
[Site "Meissen"]
[Date "2013.06.03"]
[Round "3.5"]
[White "Cotonnec, Melkior"]
[Black "Handler, Lukas"]
[Result "1-0"]
[WhiteElo "2432"]
[BlackElo "2398"]
[PlyCount "81"]
[EventDate "2013.06.01"]
[EventType "team-tourn"]
[EventRounds "9"]
[EventCountry "GER"]
[Source "ChessBase"]
[SourceDate "2013.06.25"]
[WhiteTeam "France"]
[BlackTeam "Austria"]
[WhiteTeamCountry "FRA"]
[BlackTeamCountry "AUT"]

1. d4 Nf6 2. c4 e6 3. Nf3 d5 4. g3 Bb4+ 5. Bd2 Be7 6. Bg2 O-O 7. O-O c6 8. Qc2
b6 9. Bf4 Nbd7 10. Rd1 Ba6 11. Ne5 Nxe5 12. dxe5 Nd7 13. cxd5 cxd5 14. e4 g5
15. Be3 Nxe5 16. exd5 Rc8 17. Nc3 Qc7 18. Qa4 Bc4 19. b3 Bxb3 20. Qxb3 Qxc3 21.
dxe6 Qxb3 22. axb3 Rc7 23. exf7+ Kxf7 24. Bd5+ Kg7 25. f4 gxf4 26. Bxf4 Bf6 27.
Rac1 Rd7 28. Be4 Rxd1+ 29. Rxd1 Ng6 30. Rd7+ Kh8 31. Bh6 Re8 32. Rxa7 Bd4+ 33.
Kg2 Kg8 34. Bd5+ Kh8 35. Rb7 Rd8 36. h4 Nf8 37. Be4 Nd7 38. Rc7 Be5 39. Ra7 Nf6
40. Bg7+ Kg8 41. Bxh7+ 1-0

[Event "Mitropa Cup 32nd"]
[Site "Meissen"]
[Date "2013.06.03"]
[Round "3.5"]
[White "Schachinger, Mario"]
[Black "Bailet, Pierre"]
[Result "0-1"]
[WhiteElo "2412"]
[BlackElo "2461"]
[PlyCount "64"]
[EventDate "2013.06.01"]
[EventType "team-tourn"]
[EventRounds "9"]
[EventCountry "GER"]
[Source "ChessBase"]
[SourceDate "2013.06.25"]
[WhiteTeam "Austria"]
[BlackTeam "France"]
[WhiteTeamCountry "AUT"]
[BlackTeamCountry "FRA"]

1. d4 d5 2. c4 c6 3. Nf3 Nf6 4. Nc3 dxc4 5. a4 Bf5 6. e3 e6 7. Bxc4 Bb4 8. O-O
O-O 9. Qe2 Ne4 10. Nxe4 Bxe4 11. Rd1 Nd7 12. Bd2 Qa5 13. Bxb4 Qxb4 14. Ng5 Bg6
15. Nxe6 fxe6 16. Bxe6+ Rf7 17. e4 Re8 18. Bxf7+ Bxf7 19. f3 Rd8 20. a5 Nf8 21.
Qd2 Qd6 22. Qe3 a6 23. Rd2 Ne6 24. Rad1 Nc7 25. Qc3 Nb5 26. Qe3 Qb4 27. Qg5 Rd7
28. Qf5 Rd8 29. Qg5 Qxa5 30. Qe7 Bb3 31. Rd3 Bxd1 32. b4 Qc7 0-1

[Event "Mitropa Cup 32nd"]
[Site "Meissen"]
[Date "2013.06.03"]
[Round "3.5"]
[White "Schreiner, Peter"]
[Black "Housieaux, David"]
[Result "0-1"]
[WhiteElo "2456"]
[BlackElo "2466"]
[PlyCount "100"]
[EventDate "2013.06.01"]
[EventType "team-tourn"]
[EventRounds "9"]
[EventCountry "GER"]
[Source "ChessBase"]
[SourceDate "2013.06.25"]
[WhiteTeam "Austria"]
[BlackTeam "France"]
[WhiteTeamCountry "AUT"]
[BlackTeamCountry "FRA"]

1. Nf3 Nf6 2. c4 g6 3. Nc3 Bg7 4. g3 O-O 5. Bg2 d6 6. O-O c6 7. d4 Nbd7 8. e4
e5 9. h3 Re8 10. d5 Nc5 11. Re1 a5 12. Bf1 Rf8 13. b3 cxd5 14. cxd5 Bd7 15. Nd2
Ne8 16. Bb2 f5 17. exf5 gxf5 18. a3 e4 19. b4 Na4 20. Nxa4 Bxa4 21. Qb1 b5 22.
bxa5 Nf6 23. Qa2 Qxa5 24. Nb3 Bxb3 25. Qxb3 Rfb8 26. Bc3 Qc7 27. Rac1 Qd7 28.
Bb2 Kh8 29. Rc6 f4 30. Rec1 e3 31. fxe3 fxg3 32. Qd3 Ne8 33. Bd4 b4 34. axb4
Rxb4 35. Qe4 Qf7 36. R6c2 Bxd4 37. exd4 Rb7 38. Rg2 Ra3 39. Re1 Nf6 40. Qf4 Re7
41. Rxe7 Qxe7 42. Re2 Nxd5 43. Qc1 Re3 44. Qc8+ Kg7 45. Rb2 Qf6 46. Qg4+ Kh6
47. h4 Re1 48. Qg5+ Qxg5 49. hxg5+ Kh5 50. Kg2 Kg4 0-1